000 00945nam0a22002891 4500
001 v19\rc\1287099
005 20250618012852.0
035 _a(NLR Aleph) 004435778
090 _a4331810
_c4331810
100 _a20060306d1849 |||y0rusy50 ca
101 0 _arus
102 _aRU
105 _ay z |||c|
200 1 _aИсторический очерк общих гражданских учреждений Новороссийского края
_eРечь адъюнкта Комарницкого
210 _aОдесса
_cтип. Л. Нитче
_d1849
215 _a3-70 с.
_d23
700 1 _aКомарницкий
_bА.Я.
_gАндрей Яковлевич
801 0 _aRU
_bNLR
_gpsbo
801 0 _aRU
_bRuMoRGB
_2psbo
801 1 _aRU
_bProSoft-M
_2rusmarc
852 _aNLR
_j18.194.6.42
899 _aRuMoRGB
_jU 151/121
899 _aRuMoRGB
_jU 456/33
899 _aБАН
899 _aНБ СПбГУ
942 _cBOOK
980 _aNB